000 00824cam a2200277 4500
001 5377
003 BD-RjUL
005 20211208234045.0
008 131226s1969 enk b 001 0 eng
020 _a0406253102
035 _a(BD-RjUL)5413
040 _aDLC
_cDLC
_dDLC
_dBD-RjUL
_beng
041 _aeng
082 0 0 _a340
_bIVM 1969
100 1 _aIvamy, E. R. Hardy
_q(Edward Richard Hardy)
_913420
245 1 0 _aMarine insurance /
_cE. R. Hardy Ivamy.
260 _aLondon :
_bButterworths,
_cc1969.
300 _aliv, 586 p. ;
_c24 cm.
490 0 _aButterworths insurance library
490 0 _aButterworths insurance series, 3.
504 _aIncludes bibliographical references and index.
650 0 _aMarine insurance
_zGreat Britain.
_916889
942 _2ddc
_cBK
999 _c5377
_d5377